000 00308nam a22001337a 4500
008 170719b xxu||||| |||| 00| 0 eng d
020 _ax000cjfhax
041 _aeng
080 _a2
100 _a24
101 _aTEO
245 _aTHE NICARAGUAN CHURCH AND THE REVOLUTION
_cMULLIGAN, J.E
942 _2udc
_cBK
999 _c21570
_d21570